000 00552nam a22002057a 4500
003 bpm
005 20260414120940.0
008 260414b |||||||| |||| 00| p spa d
020 _a9789507070143
024 _aS. C. C. / M. C. y E. M.:
040 _aAR-CtUCP
041 _aspa
080 _aCDU
100 _aAlvarenga Martín
245 _aEl vuelo chamánico :
_btextos mágicos
260 _aCorrientes
_bSubsecretaría de Cultura de la Provincia de Corrientes
_c2008
650 _aLiteratura - Poesía
942 _cLIB
999 _c76637
_d76637